Statistics for Bea Arthur Filmography

Click here to take the quiz!

General Stats

  • This quiz has been taken 8 times
  • The average score is 50 of 242

Answer Stats

Type Year Name % Correct
TV Show1985-1992The Golden Girls
100%
TV Show1971, 1972All in the Family
86%
Theater1966-1970Mame
86%
TV Show1972-1978Maude
86%
TV Show1992The Golden Palace
57%
TV Show1974-1990The Tonight Show Starring Johnny Carson
57%
TV Show1976, 1979Saturday Night Live
57%
TV Show2000Malcolm in the Middle
57%
TV Show1989Empty Nest
57%
Award Show1977The 29th Annual Primetime Emmy Awards
43%
Award Show1977The 31st Annual Tony Awards
43%
Award Show1987The 41st Annual Tony Awards
43%
Award Show1990The 42nd Annual Primetime Emmy Awards
43%
Award Show1993The 47th Annual Tony Awards
43%
Award Show1988The 45th Annual Golden Globe Awards
43%
Award Show1974The 28th Annual Tony Awards
43%
Award Show1973The 45th Annual Academy Awards
43%
TV Show1958Tonight Starring Jack Paar
43%
Film1970Lovers and Other Strangers
43%
Award Show1987The 39th Annual Primetime Emmy Awards
43%
Theater1964-1965Fiddler on the Roof
43%
Award Show1987The 44th Annual Golden Globe Awards
43%
Award Show1986The 38th Annual Primetime Emmy Awards
43%
Award Show1986The 43rd Annual Golden Globe Awards
43%
Award Show1978The 30th Annual Primetime Emmy Awards
43%
Award Show1996The 50th Annual Tony Awards
43%
TV Show1983Amanda's
43%
Award Show1985The 37th Annual Primetime Emmy Awards
43%
Award Show1991The 48th Annual Golden Globe Awards
43%
Theater1981The Floating Lightbulb
43%
Award Show1981The 33rd Annual Primetime Emmy Awards
43%
Award Show1981The 35th Annual Tony Awards
43%
Award Show1989The 41st Annual Primetime Emmy Awards
43%
Award Show1991The 43rd Annual Primetime Emmy Awards
43%
Film1981History of the World, Part I
43%
Award Show1985The 40th Annual Tony Awards
43%
Award Show1989The 46th Annual Golden Globe Awards
43%
Award Show1999The 53rd Annual Tony Awards
43%
TV Film1978Star Wars Holiday Special
43%
TV Show1974-1980The Mike Douglas Show
29%
TV Show1974, 1985The Merv Griffin Show
29%
Documentary Series2000Intimate Portrait
29%
TV Show1998Ellen
29%
TV Special1980The Beatrice Arthur Special
29%
TV Show1963The Sid Caesar Show
29%
Award Show1986The Kennedy Center Honors: A Celebration of the Performing Arts
29%
Theater2005Bea Arthur Back on Broadway (at 95th Street)
29%
TV Documentary2003TV Land Awards: A Celebration of Classic TV
29%
TV Show1961The Perry Como Show
29%
Award Show2008The 6th Annual TV Land Awards
29%
TV Show2003Today with Des and Mel
29%
TV Show2001Today
29%
Theater2001-2003And Then There's Bea
29%
Award Show2004The 2nd Annual TV Land Awards
29%
TV Show2005Curb Your Enthusiasm
29%
TV Show1992Guest Night
14%
TV Show1992The Howard Stern Show
14%
TV Show1992Evening at Pops
14%
Award Show1995The 9th Annual Genesis Awards
14%
TV Show1991Dame Edna's Hollywood
14%
TV Special1991Funny Women of Television
14%
Award Show1991The 5th Annual American Comedy Awards
14%
Award Show1996The 10th Annual American Comedy Awards
14%
TV Special1990Live from the London Palladium: Happy Birthday, Happy New Year!
14%
TV Show1990A Conversation with Dinah
14%
TV Show1990Des O'Connor Tonight
14%
Theater1995-1996Bermuda Avenue Triangle
14%
TV Show1992Verstehen Sie SpaƟ?
14%
Award Show1992The 6th Annual American Comedy Awards
14%
TV Show1995This Morning
14%
TV Special1992The 1992 Pacific Center HIV - AIDS Benefit
14%
Award Show1993The 7th Annual American Comedy Awards
14%
TV Documentary199550 Years of Funny Females
14%
TV Special1993Out There
14%
TV Film1993This Joint Is Jumpin'
14%
TV Show1993Boulevard Bio
14%
TV Show1993Sean's Show
14%
TV Special1994Broadway at the Hollywood Bowl
14%
Award Show1994The 8th Annual American Comedy Awards
14%
TV Show1994She TV
14%
TV Show1997Dave's World
14%
Theater1994Easter Bonnet Competition: A Salute to 100 Years of Broadway
14%
Theater1994La Fille du Regiment
14%
Theater1996Angela Lansbury - A Celebration
14%
Theater1947Lysistrata
14%
Theater1997-1998After Play
14%
Theater2004A Celebration of Life
14%
TV Documentary2003Broadway: The Golden Age, by the Legends Who Were There
14%
TV Show2003Through the Keyhole
14%
TV Show2003Richard & Judy
14%
TV Show2003The Terry and Gaby Show
14%
Theater2003Bea Arthur at The Savoy
14%
TV Show2004Great Performances
14%
Video2004The Best of 'So Graham Norton'
14%
TV Documentary2004Inside TV Land: Primetime Politics
14%
TV Special2004TV's Greatest Sidekicks
14%
Theater2004There'll Be Another Spring: A Tribute to Miss Peggy Lee
14%
Theater2002Bea Arthur on Broadway: Just Between Friends
14%
Theater2004Bea Arthur at the El Portal
14%
TV Documentary2005Inside TV Land: Tickled Pink
14%
TV Special2005Comedy Central Roast of Pamela Anderson
14%
Documentary Series2005, 2007TV Land Confidential
14%
Documentary Series2006Biography
14%
Documentary Mini-Series2006The 100 Greatest TV Quotes & Catchphrases
14%
Theater2006Bea Arthur Back at the El Portal
14%
TV Show2007Back to the Grind
14%
TV Show2008Inside Edition
14%
TV Show2003Rove Live
14%
TV Documentary2002Inside TV Land: Taboo TV
14%
TV Show1997, 2002The Rosie O'Donnell
14%
Documentary Series2000E! True Hollywood Story
14%
TV Show1998The RuPaul Show
14%
TV Documentary1998CBS: The First 50 Years
14%
TV Documentary1998NY TV: By the People Who Made It - Part I & II
14%
Theater1998Jubilee
14%
TV Show1999Beggars and Choosers
14%
TV Show1999Emily of New Moon
14%
TV Show1990Aspel & Company
14%
Film2000Enemies of Laughter
14%
TV Show2000So Graham Norton
14%
TV Documentary2000The 70s: The Decade That Changed Television
14%
TV Show2002Because I Said So
14%
Theater2000Strike Up the Band
14%
Theater2000The Threepenny Opera Reunion Concert
14%
Theater2000-2006An Evening with Bea Arthur
14%
TV Show2001Futurama
14%
TV Show2002CBS News Sunday Morning
14%
TV Show2002Good Morning America
14%
TV Show2002The Daily Show
14%
TV Special2002The Big O! True West Hollywood Story
14%
TV Show2002TV Tales
14%
TV Show2002Open Mike with Mike Bullard
14%
Theater1999Thoroughly Modern Millie
14%
TV Film1988My First Love
14%
TV Special1990The Earth Day Special
14%
Theater1958Ulysses in Nighttown
14%
Theater1956Mistress of the Inn
14%
Theater1956Ziegfeld Follies
14%
Theater1956Shoestring '57
14%
TV Show1957Washington Square
14%
TV Show1957The Steve Allen Show
14%
Theater1957Hamlet
14%
Theater1957Nature's Way
14%
TV Show1958The Seven Lively Arts
14%
TV Film1958The Gift of the Magi
14%
TV Show1958, 1981Omnibus
14%
Theater1955Plain and Fancy
14%
Film1959That Kind of Woman
14%
TV Show1959The George Gobel Show
14%
Theater1959Chic
14%
TV Film1960The Best of Anything
14%
Theater1960The Gay Divorcee at the Cherry Lane
14%
TV Show1962The Garry Moore Show
14%
Theater1962A Matter of Position
14%
Theater1968A Mother's Kisses
14%
TV Show1975-1980Dinah!
14%
TV Show1976Cos
14%
Theater1955Seventh Heaven
14%
Theater1955What's the Rush?
14%
Documentary Mini-Series1978CBS: On the Air
14%
Theater1949Heartbreak House
14%
Theater1947The Dog Beneath the Skin
14%
Theater1947Yerma
14%
Theater1948No Exit
14%
Theater1948The Taming of the Shrew
14%
Theater1948Six Characters in Search of an Author
14%
Theater1948The Owl and the Pussycat
14%
Theater1949Le Bourgeois Gentilhomme
14%
Theater1949Yes Is for a Very Young Man
14%
Theater1949The Creditors
14%
TV Show1951Once Upon a Tune
14%
TV Show1955Max Liebman Spectaculars
14%
Theater1951Gentlemen Prefer Blondes
14%
Theater1951Personal Appearance
14%
Theater1951Candle Light
14%
Theater1951Love or Money
14%
Theater1951The Voice of the Turtle
14%
TV Show1951-1953, 1955-1958Studio One in Hollywood
14%
TV Show1951-1958Kraft Television Theatre
14%
Theater1953The New Moon
14%
TV Show1954-1956Caesar's Hour
14%
Theater1954-1957The Threepenny Opera
14%
Award Show1990The 4th Annual American Comedy Awards
14%
TV Show1977Rowan & Martin's Laugh-In
14%
TV Show1979The Mary Tyler Moore Hour
14%
TV Special1988Mickey's 60th Birthday
14%
TV Special1987All Star Gala at Ford's Theatre
14%
Documentary Series1987This Is Your Life
14%
TV Special1987Happy 100th Birthday, Hollywood
14%
TV Show1987Sally
14%
TV Special1987Family Comedy Hour
14%
Award Show1988The 9th Annual American Black Achievement Awards
14%
TV Special1988In Performance at the White House; A Salute to Broadway, Showstoppers
14%
TV Special1988Irving Berlin's 100th Birthday Celebration
14%
TV Special1988The 13th Circus of the Stars
14%
TV Special1987All Star Party for Joan Collins
14%
Theater1947Gas
14%
Award Show1989The 3rd Annual American Comedy Awards
14%
TV Special1989The Society of Singers Presents: A Tribute to Ella Fitzgerald
14%
TV Show1989Later with Bob Costas
14%
TV Show1989The Arsenio Hall Show
14%
Award Show1989The 49th Annual Golden Apple Awards
14%
TV Show1989Live with Regis and Kathie Lee
14%
TV Special1990The TV Academy Tribute to Angela Lansbury
14%
Award Show1990The 21st BAFTA Awards
14%
TV Special1987Comic Relief '87
14%
Award Show1987The 1st Annual American Comedy Awards
14%
Award Show1986The 46th Annual Golden Apple Awards
14%
TV Film1985The NBC All Star Hour
14%
TV Special198030 Years of TV Comedy's Greatest Hits: To Laughter with Love
14%
TV Show1980Soap
14%
TV Special1980Bob Hope Special: Bob Hope-Hope, Women and Song
14%
Theater1981Hey, Look Me Over!
14%
TV Special1982Bob Hope's Women I Love: Beautiful But Funny
14%
TV Special1982Broadway Plays Washington on Kennedy Center Tonight
14%
Award Show1983The 9th Annual People's Choice Awards
14%
TV Special1984The Dean Martin Celebrity Roast: Joan Collins
14%
TV Special1984The 1st Academy TV Hall of Fame
14%
TV Show1984a.k.a. Pablo
14%
TV Film1984P.O.P.
14%
TV Documentary2018Broadway: Beyond the Golden Age
14%
TV Special1985The 10th Circus of the Stars
14%
TV Special1986All Star Party for Clint Eastwood
14%
TV Special1986NBC 60th Anniversary Celebration
14%
TV Special1986Walt Disney World's 15th Birthday Celebration
14%
TV Show1986Late Night with David Letterman
14%
TV Show1985-2008Entertainment Tonight
14%
TV Show1999The Martin Show Short
0%
TV Special1990Night of 100 Stars III
0%
TV Special2003Great Women of Television Comedy
0%
TV Documentary2007Entertainment Weekly & TV Land Present: The 50 Greatest TV Icons
0%
Film1995For Better of Worse
0%
TV Special2003The Golden Girls: Their Greatest Moments
0%
Award Show1991The 17th Annual People's Choice Awards
0%
Theater1955Shoestring Revenue
0%
Award Show1987The 13th Annual People's Choice Awards
0%
TV Special1989Bob Hope's Birthday Spectacular in Paris
0%
TV Documentary2002TV's Most Censored Moments
0%
TV Documentary1994Bob Hope's Birthday Memories
0%
Award Show1988The 40th Annual Primetime Emmy Awards
0%

Score Distribution

Percentile by Number Answered

Percent of People with Each Score

Your Score History

You have not taken this quiz